| 000 | 02028cam a2200325 4500 | ||
|---|---|---|---|
| 999 |
_c330569 _d330569 |
||
| 003 | NUST | ||
| 005 | 20170720124858.0 | ||
| 008 | 170216b xxu||||| |||| 00| 0 eng d | ||
| 040 | _c0 | ||
| 082 |
_a624 TRO _bTRO |
||
| 100 | 1 |
_aTroxell, George Earl, _93509 |
|
| 245 | 1 | 0 |
_aComposition and properties of concrete _c[by] George Earl Troxell [and] Harmer E. Davis. With chapters on proportioning of concrete mixtures and strength of concrete by J.W. Kelly. |
| 260 |
_aNew York, _bMcGraw-Hill, _c1956. |
||
| 300 |
_a434 p. _billus. _c24 cm. |
||
| 490 | 1 | _aMcGraw-Hill civil engineering series | |
| 500 | _aH.B | ||
| 650 | 0 |
_aConcrete. _9564 |
|
| 650 | 0 |
_aMCE _9379 |
|
| 700 | 1 |
_aDavis, Harmer Elmer, _93510 |
|
| 942 |
_cBK _2ddc _kIESE |
||